Štátne sviatky Slovenska - Statistics

General Stats
  • This quiz has been taken 13 times
  • The average score is 9 of 11
Answer Stats
Question Answer % Correct
Deň vzniku Slovenskej republiky 1. január
100%
Zjavenie Pána (Traja králi) 6. január
100%
Deň Ústavy Slovenskej republiky (od roku 2024 nie je dňom pracovného pokoja) 1. september
91%
Výročie Slovenského národného povstania 29. august
91%
Sviatok svätého Cyrila a Metoda 5. júl
91%
Sedembolestná Panna Mária 15. september
82%
Sviatok práce 1. máj
82%
Deň víťazstva nad fašizmom 8. máj
82%
Sviatok všetkých svätých 1. november
64%
Deň boja za slobodu a demokraciu 17. november
55%
Deň vzniku samostatného česko-slovenského štátu (nie je dňom pracovného pokoja) 28. október
55%
No matching quizzes found
Score Distribution
Percent of People with Each Score
Percentile by Number Answered
Your Score History
You have not taken this quiz